Scopes Quiz Stats

 Plays Quiz Updated Feb 23, 2019

Score 0/15 Timer 06:00
2 Plays Today
Hint Term % Correct
A usually tubular optical instrument for viewing distant objectsTelescope
96.9%
An optical instrument for inspecting objects too small to be seen by the unaided eyeMicroscope
96.1%
A medical instrument for detecting sounds produced in the bodyStethoscope
64.9%
An astrological forecastHoroscope
61.8%
An optical instrument for viewing objects that are above the level of direct sightPeriscope
56.7%
A continually changing pattern of shapes and colorsKaleidoscope
54%
An apparatus consisting of a rotating wheel so mounted that its axis can turn freely in certain or all directionsGyroscope
30%
Instrument for recording the occurrence or time of an earthquake.Seismoscope
23.6%
Hint Term % Correct
Widescreen movie format used from 1953 to 1967CinemaScope
22.2%
An instrument for indicating changes of temperature without indicating the degree of heat by which it is affectedThermoscope
16.3%
Instrument in which the variations in a fluctuating electrical quantity appear temporarily as a visible wave formOscilloscope
14.7%
Fiber-optic instrument surgically inserted through an incision near a jointArthroscope
13.6%
Optical device for observing a spectrum of light or radiation from any sourceSpectroscope
11.9%
An optical device that uses infrared radiation to allow one to see better in the darkNightscope
11.2%
Device used in the animation technique in which animators trace over live-action film movementRotoscope
8.4%

You're not logged in!

Compare scores with friends on all Sporcle quizzes.
OR
Log In

Sporcle TV

Today on Sporcle TV


Watch our educational content, quiz creation guides, and fun videos on Sporcle TV.

Show Comments

Extras

Top Quizzes Today


Score Distribution

Your Account Isn't Verified!

In order to create a playlist on Sporcle, you need to verify the email address you used during registration. Go to your Sporcle Settings to finish the process.

Report this User

Report this user for behavior that violates our Community Guidelines.

Details: